[Event "EYCC 2024 - G10"]
[Site "?"]
[Date "2024.08.25"]
[Round "4.12"]
[White "Szczurek, Julia"]
[Black "Kravchuk, Daria"]
[Result "1/2-1/2"]
[BlackElo "1597"]
[WhiteElo "1471"]
[LiveChessVersion "1.4.8"]

1. e4 {[%clk 1:30:58]} c5 {[%clk 1:30:41]} 2. Nf3 {[%clk 1:31:06]} Nc6
{[%clk 1:31:04]} 3. d4 {[%clk 1:31:31]} cxd4 {[%clk 1:31:30]} 4. Nxd4
{[%clk 1:31:44]} Nf6 {[%clk 1:31:53]} 5. Nc3 {[%clk 1:32:02]} e5 {[%clk 1:32:17]}
6. Ndb5 {[%clk 1:31:51]} d6 {[%clk 1:32:22]} 7. Nd5 {[%clk 1:31:52]} Nxd5
{[%clk 1:32:40]} 8. exd5 {[%clk 1:32:14]} Nb8 {[%clk 1:32:57]} 9. c4
{[%clk 1:32:18]} Be7 {[%clk 1:31:38]} 10. Be2 {[%clk 1:31:59]} O-O
{[%clk 1:31:32]} 11. O-O {[%clk 1:32:07]} a6 {[%clk 1:30:57]} 12. Nc3
{[%clk 1:31:36]} f5 {[%clk 1:29:15]} 13. f4 {[%clk 1:30:32]} Nd7 {[%clk 1:21:37]}
14. Be3 {[%clk 1:26:38]} b6 {[%clk 1:15:37]} 15. Qc2 {[%clk 1:17:42]} exf4
{[%clk 0:58:42]} 16. Bxf4 {[%clk 1:14:56]} Ne5 {[%clk 0:54:53]} 17. b4
{[%clk 1:10:33]} Bf6 {[%clk 0:46:55]} 18. Rae1 {[%clk 1:06:20]} Qc7
{[%clk 0:44:18]} 19. Bd3 {[%clk 0:55:58]} Nxc4 {[%clk 0:39:47]} 20. Ne2
{[%clk 0:53:21]} b5 {[%clk 0:39:25]} 21. Bxf5 {[%clk 0:51:15]} Bxf5
{[%clk 0:32:17]} 22. Qxf5 {[%clk 0:51:19]} Bd4+ {[%clk 0:24:24]} 23. Nxd4
{[%clk 0:51:28]} Rxf5 {[%clk 0:24:31]} 24. Nxf5 {[%clk 0:51:48]} Qd7
{[%clk 0:20:00]} 25. Bg5 {[%clk 0:50:21]} Ne5 {[%clk 0:19:01]} 26. Be7
{[%clk 0:47:28]} Nc4 {[%clk 0:15:41]} 27. Re6 {[%clk 0:41:15]} 1/2-1/2